| 000 | 00634nam a2200181 a 4500 | ||
|---|---|---|---|
| 005 | 20240928063804.0 | ||
| 008 | 991125s1974 mx 000 0 spa u | ||
| 035 | _aUPN01000004341 | ||
| 049 | _aCG | ||
| 050 | 4 |
_aLB2003.41 A1 _bS6 1974 |
|
| 245 | 0 | 0 |
_aArea de ciencias sociales : _b[planes y programas] / _ccoord. Hugo Guerrero Gallardo. |
| 260 |
_aMorelia : _bEscuela Normal Superior de Michoacán, _c1974. |
||
| 300 | _a1 v. (en varias paginaciones) | ||
| 650 | 4 |
_aCiencias sociales _xEstudio y enseñanza _96678 |
|
| 650 | 4 |
_aCiencias sociales _vPlanes y programas _98402 |
|
| 700 | 1 |
_aGuerrero Gallardo, Hugo _ecoord. |
|
| 905 | _aLibro | ||
| 999 |
_c4341 _d4341 |
||